movies with numbers in the title - Statistics

General Stats
  • This quiz has been taken 75 times
  • The average score is 11 of 15
Answer Stats
title starring year number % Correct
Friday the __th Kevin Bacon 1980 13
100%
Apollo __ Tom Hanks 1995 13
100%
Fantastic ____ Chris Evans 2005 Four
100%
__ Angry Men Henry Fonda 1957 12
98%
Ocean's ______ George Clooney 2001 Eleven
97%
The Hateful _____ Samuel L. Jackson 2015 Eight
92%
The Magnificent _____ Yul Brynner 1960 Seven
92%
__ Candles Molly Ringwald 1984 16
86%
____: A Space Odyssey Keir Dullea 1968 2001
78%
(___) Days of Summer Joseph Gordon-Levitt 2009 500
52%
Fahrenheit _/__ Michael Moore 2004 9/11
52%
___ Hours James Franco 2010 127
47%
____ Dark ______ Jessica Chastain 2012 Zero, Thirty
45%
_ _______ Ways to Die in the West Charlize Theron 2014 A Million
31%
____ John Cusack 2009 2012
17%
No matching quizzes found
Score Distribution
Percent of People with Each Score
Percentile by Number Answered
Your Score History
You have not taken this quiz